Quiz sur l'Everest - Statistiques

Statistiques générales
  • Ce quiz a été pris 170 fois
  • Le résultat moyen est 6 sur 16
Statistiques - réponses
Indice Réponse % Correct
Pays sur lequel il se trouve Népal
94%
Massif montagneux où est l’Everest Himalaya
86%
Pays sur lequel il se trouve Chine
83%
Altitude 8848m
72%
Hormis le Népal quel pays compte le plus de personnes qui ont gravi l’Everest? États-Unis
63%
Année de la première ascension 1953
53%
Province du pays précédent dans laquelle l’Everest se situe Tibet
50%
Qui a été réalisée par Edmund Hillary
40%
Qui a été réalisée par Tensing Norgay
17%
Prénom de l’arpenteur général des Indes dont l’Everest tire son nom George
15%
Si l’Everest est le plus haut sommet du monde depuis le niveau de la mer lequel est le plus grand depuis sa base? Mauna Kea
9%
Nom dans la langue de cette province Chomolungma
6%
Nom des 3 glaciers sur ses flancs Khumbu
5%
Nom des 3 glaciers sur ses flancs Rongbuk
3%
Nom des 3 glaciers sur ses flancs Kangshung
2%
Jeu vidéo de stratégie sortie en 1983 dont le but est d’atteindre le sommet de l’Everest en moins de 20 jours Everest {Ascent}
1%
Aucun quiz correspondant
Distribution des résultats
% des personnes avec chaque résultat
Percentile par nombre de réponses
Votre historique - résultats
Vous n’avez pas pris ce quiz